1395 1595 1840 1548 1020 1461 1037 1212 1504 1851 1694 1075 1402 1669 1492 1636 1344 1461 1527 1024 1805 1355 1096 1797 1491 1199 1203 1477 1188 1489 1875 1569 1356 1402 1038 1431 1913 1684 1354 1609 1128 1029 1082 1937 1652 1952 1550 1745 1550 1790 1573 1431 1007 1494 1596 1206 1911 1055 1742 1264 1417 1921 1737 1875 1812 1876 1885 1871 1421 1253 1467 1741 1694 1372 1788 1830 1853 1173 1415 1877 1712 1612 1058 1488 1847 1496 1200 1693 1032 1329 1701 1025 1909 1143 1246 1549 1773 1554 1643 BCNSPRNW ULIB Ver.6.0+V

เปลี่ยนเป็นภาษาไทย

Change to English
 แสดงรายละเอียดบรรณานุกรม
  กลับหน้าหลัก

Brief Record : Get Marc (ISO 2709) : E-mail record : QR code < ปิดหน้าต่าง
LEADER : 00000nam 2200000uu 4500
001    13399114956
003     ULIB
008    120625s2538||||th 000 0 tha d
020    ^a9747760118
060 04 ^aQS124^bพ36ก 2538
100 0  ^aวิทยาลัยพยาบาล บรมราชชนนี ชัยนาท
245 00 ^aกายวิภาคศาสตร์ - สรีรวิทยา /^cพิมพรรณ รัตนโกมล
250    ^aพิมพ์ครั้งที่ 1
260    ^aชัยนาท :^bวิยาลัยพยาบาล บรมราชชนนี ชัยนาท,^c2538
300    ^a302 หน้า :^bภาพประกอบ ;^c27 ซม.
650  7 ^aกายวิภาคศาสตร์
945    ^p0^l0^i3177
945    ^p0^l0^i3179
995  ก ^aกัณชพร
999    ^aใช้งานได้ทุกระบบ
รายการนี้ยังไม่มีแท็ก
คุณยังไม่ได้ล็อกอิน คุณสามารถมีกิจกรรมร่วมกับเว็บไซต์ได้ แต่ต้องล็อกอินก่อน ::
  ล็อกอิน

รายการสื่อสารสนเทศ

ลำดับที่ ประเภท เลขเรียก/บาร์โค้ด สถานที่ สถานะ
- ไม่พบข้อมูล -

รายการใกล้เคียง
    หัวเรื่อง [กายวิภาคศาสตร์]

BibComment


ยังไม่เคยถูกคอมเมนท์

คอมเมนท์ทรัพยากรรายการนี้
  คอมเมนท์: กายวิภาคศาสตร์ ..


 Copyright 2026. Bcnsprnw @Library